Water quality and habitat management: general aquaculture course
Guardat en:
| Format: | Llibre |
|---|---|
| Idioma: | anglès |
| Publicat: |
Tokio
Kanagawa International Fisheries Training Centre
1989
|
| Col·lecció: | Aquaculture Engineering Series
|
| Matèries: | |
| Etiquetes: |
Afegir etiqueta
Sense etiquetes, Sigues el primer a etiquetar aquest registre!
|
MARC
| LEADER | 00000nam a2200000 a 4500 | ||
|---|---|---|---|
| 001 | UCZ2815 | ||
| 003 | CL-VaPUC | ||
| 008 | 951013e19890000JA |||||||||||||||||eng|d | ||
| 082 | 0 | 4 | |a 639.8 |b WAT |2 21 |
| 245 | 1 | 0 | |a Water quality and habitat management: general aquaculture course |
| 300 | |a 129 p | ||
| 942 | |c BK | ||
| 945 | |d 19951013 00:00:00 |a rbrito | ||
| 260 | |a Tokio |b Kanagawa International Fisheries Training Centre |c 1989 | ||
| 650 | 0 | |a Calidad del agua |9 261394 | |
| 650 | 0 | |a Análisis del agua |9 262189 | |
| 650 | 7 | |a GESTION DE LOS RECURSOS HIDRICOS |2 CL-VaPUC |9 346585 | |
| 650 | 0 | |a Química del agua |9 261152 | |
| 650 | 0 | |a Tratamiento del agua |9 262889 | |
| 650 | 7 | |a SALINIDAD |2 CL-VaPUC |9 263023 | |
| 650 | 0 | |a Agua |9 257149 | |
| 583 | |a last modification |c 20161003 11:27:51 |k Rodrigo Vera | ||
| 490 | 0 | |a Aquaculture Engineering Series | |
| 999 | |c 239367 |d 239365 | ||
| 952 | |0 0 |1 0 |4 0 |6 639_800000000000000_WAT_1989 |7 0 |8 CCM |9 250453 |a BIBCUR |b BIBCUR |d 2019-11-18 |i 3135187 |o 639.8 WAT 1989 |p 3135187 |r 2025-04-22 |w 2019-11-18 |y BK |k CIM | ||